Países do mundo em um mapa por suas capitais - Statistics

Estatísticas Gerais
  • Esse quiz foi jogado 619 vezes
  • A pontuação média é 97 de 196
Respostas no mapa
Respostas codificadas por cores de uma escala verde-vermelha no mapa do quiz de acordo com a % correta abaixo.
 
Estatísticas das Respostas
País % Correto
Brasília
95%
Buenos Aires
90%
Lisboa
88%
Mexico City
88%
Paris
88%
Roma
87%
Washington D.C.
87%
Madrid
86%
Moscovo
86%
Londres
85%
Lima
84%
Pequim
84%
Santiago
84%
Atenas
83%
Berlim
83%
Tóquio
83%
Bogotá
82%
Caracas
82%
Montevidéu
82%
Ottawa
81%
Amsterdã
80%
Kiev
80%
Oslo
80%
Assunção
79%
Dublin
78%
La Paz ou Sucre
78%
Quito
78%
Bruxelas
77%
Havana
77%
Seul
77%
Cidade do Panamá
76%
Nova Deli
76%
Cairo
74%
Estocolmo
73%
Camberra
72%
Copenhaga
72%
Varsóvia
72%
Viena
71%
Praga
69%
Vaticano
69%
Budapeste
68%
Berna
67%
Bucareste
67%
Georgetown
67%
Helsínquia
67%
Luxemburgo
67%
Jerusalém
66%
Pretória, Cidade do Cabo, ou Bloemfontein
66%
Ancara
65%
San Marino
64%
Cidade da Guatemala
63%
Jakarta
63%
Luanda
63%
Paramaribo
63%
Wellington
63%
Zagreb
63%
Sofia
62%
Mônaco
61%
Pyongyang
61%
Teerã
61%
Riade
59%
Argel
58%
Bangkok
57%
Belgrado
57%
Kingston
57%
Kingstown
57%
Minsk
57%
Reykjavík
57%
Abu Dhabi
56%
Andorra-a-Velha
56%
Doha
56%
San Salvador
56%
Sarajevo
55%
Bagdá
54%
Porto Principe
54%
Daca
53%
Damasco
53%
Singapura
53%
Tirana
53%
Tunes
53%
Beirute
52%
Kuweit
52%
Manila
52%
San José
52%
Santo Domingo
52%
Tallinn
52%
Bratislava
51%
Cabul
51%
Kuala Lumpur
51%
Riga
51%
Hanói
50%
Praia
50%
Taipé
50%
Manágua
49%
Vilnius
49%
Vaduz
48%
Liubliana
47%
Maputo
47%
Rabat
47%
Islamabad
46%
Nairobi
46%
Nassau
46%
Valeta
46%
Amã
45%
Nursultan
45%
Podgorica
45%
Baku
44%
Chișinău
44%
São Tomé
44%
Trípoli
44%
Pristina
43%
Tegucigalpa
43%
Ulaanbaatar
43%
Catmandu
42%
Djibouti
42%
Escópia
42%
Port-of-Spain
42%
Adis Abeba
41%
Dakar
41%
Saná
40%
Antananarivo
39%
Belmopan
39%
Nicosia
39%
Abuja
38%
Accra
38%
Kinshasa
38%
Malé
38%
Bissau
37%
Erevan
37%
Juba
37%
Tbilisi
37%
Brazzaville
36%
Cartum
35%
Freetown
35%
Mascate
35%
Vientiane
35%
Yaoundé
35%
Victoria
34%
Bridgetown
33%
Díli
33%
Libreville
33%
Mogadíscio
33%
Tashkent
33%
Thimbu
33%
Kotte
32%
Port Moresby
32%
Bisqueque
31%
Saint John's
31%
Gaborone
30%
Lomé
30%
Ouagadougou
30%
Windhoek
30%
Asgabate
29%
Castries
29%
Monróvia
29%
Porto-Novo ou Cotonou
29%
Bangui
28%
Basseterre
28%
Manama
28%
Naypyidaw
28%
N'Djamena
28%
Saint George's
28%
Suva
28%
Asmara
27%
Dodoma
27%
Duchambé
27%
Harare
27%
Kigali
27%
Lusaka
27%
Banjul
26%
Conacri
26%
Kampala
26%
Moroni
26%
Port Vila
26%
Roseau
26%
Phnom Penh
25%
Port Louis
25%
Yamoussoukro
25%
Apia
24%
Honiara
24%
Bandar Seri Begawan
23%
Maseru
23%
Niamey
23%
Nouakchott
23%
Palikir
23%
Tarawa
23%
Yaren
23%
Gitega
22%
Bamako
21%
Funafuti
21%
Lilongwe
21%
Malabo
21%
Mbabane
21%
Nukuʻalofa
21%
Majuro
18%
Ngerulmud
14%
Nenhum quiz correspondente encontrado
Distribuição das Pontuações
Porcentagem de Pessoas com Cada Pontuação
Percentil de Números Respondidos
Sua Pontuação Histórica
Você não jogou esse quiz